02756cam a22004454i 4500003000900000005001700009008004100026020001500067020001800082035002000100040003300120049000900153082002100162082002000183100004800203245014700251264003300398300005300431336002100484337002500505338002300530504003600553505062600589526000901215526000901224526000801233526000801241526000801249650004501257910002801302942001401330949018701344949014001531994001401671596000801685999019101693999018701884980005502071952018402126PE-LiUPU20250731184057.0170614s2017 sp a rb 000 0 esp d a6073236867 a9786073236867 a(Sirsi) a204372 aPE-LiUPUbspacPE-LiUPUerda aPRUA04a808.027bG6922004a001.8bG71 20171 aGonzález García, Juana María,eautor.10aCómo escribir y publicar un artículo científico /cJuana María González García, Ana León Mejía, Mercedes Peñalba Sotorrío. 1aMadrid :bSíntesis,c2017. a195 páginas :bilustraciones ;c23 centimetros atext2rdacontent aunmediated2rdamedia avolume2rdacarrier aBibliografía : páginas 195.0 aDe la universidad a la investigación: primeros pasos y por qué publicar -- Los artículos cientificos y la revisión por partes: que necesitas saber -- La estructura típica de un artículo científico -- Consejo I: cómo abordar las partes más importantes del artículo científico -- Consejo II: cómo hacer una revisión bibliografica eficaz -- Consejo III: pautas para usar el lenguaje científico y conseguir que el texto fluya -- Consejo IV: apliccaciones 2.0 para agilizar el proceso de escritura y publicación -- Cómo publicar un artículo -- Cómo afrontar el resultado de la evaluación. aP145 aP127 aP97 aP14 aP0704aRedacción de escritos técnicos.9889 ajckbjvqcjpcd20170614 2ddccBOOK a808.027 G69wDEWEYc1i76222lCATALOGINGmBULp27.00r0sYtBOOKu2017-06-14xFCEPP040COMPRAo.CIRCNOTE. El documento es de alto precio.o.STAFF. Colección Ciencias Empresariales a001.8 G71 2017wDEWEYc1iFJ08394lCCODEBUJ1mBUJp26.00r0sYtBOOKu2018-03-26xFCEPP040COMPRAo.STAFF. Colección General Juliaca aC0bPEPRU a1 3 a808.027 G69wDEWEYc20736i76222d20736e2022-5-25f2021-11-5g5lCCODEBUL1mBULn11p27.00q1r0sYtBOOKu2017-6-14xBIBLIOTECAPP040COMPRAo.STAFF. Colección Ciencias Empresariales a001.8 G71 2017wDEWEYc1iFJ08394d2019-7-3e2018-8-15f2021-12-27g4lCCODEBUJ1mBUJn9p26.00q8r0sYtBOOKu2017-7-31xEDUCACIONPP140COMPRAo.STAFF. Colección General Juliaca 81gALBERTO SANCHEZ Responsable de Automatización r2025-12-03 00:00:00i6l13o808.027 G69p76222s2024-02-14te1v32.00w2017-06-14xFCEyBKzinventario-2023-12-13102ddc50708GENfP04aBULbBULcGENd2017-06-14eCOMPRAg27.00